| 000 | 014540000a22002170004500 | ||
|---|---|---|---|
| 020 | _a958-33-9561-7 | ||
| 041 | 0 | _aEspañol | |
| 082 | 0 | 4 | _aG 338.1886 B81c |
| 100 | 1 | _aBucheli, Marietta | |
| 245 | 1 | 0 | _aCuras, campesinos y laicos como gerentes del desarrollo : la construcción de un modelo de desarrollo emergente en Colombia / Marietta Bucheli |
| 260 | _aSan Gil : Edisocial | ||
| 300 | _a269 páginas | ||
| 501 | _arústico | ||
| 505 | 0 | 0 | _aLa reconstrucción de la experiencia -- el qué se quiere mejorar corresponde al proyecto de cambio global -- ¿Cómo proponer el proyecto de cambio a la población? -- Y ahora, ¿Cómo hacerlo? -- El cómo ejecutar el proyecto global -- Un momento de reflexión ideológica -- El surgimiento de las organizaciones educativas -- Las herramientas utilizadas para impulsar la experiencia -- La conceptualización del modelo de desarrollo emergente -- La comunidad -- El ambiente externo -- El sistema de pilotaje -- el sistema de construcción y reconstrucción -- El sistema operativo -- La comparación del modelo con la realidad -- Conclusión -- Bibliografía |
| 650 | 1 | 4 | _aDesarrollo rural - Santander (Colombia: Asistencia Técnica) - Estudio de casos \ Proyectos de desarrollo rural - Colombia - Santander (Dept.) - La participación ciudadana. |
| 001 | 18804 | ||
| 942 | _cBK | ||
| 999 |
_c45210 _d45210 |
||
| 336 |
_atexto _btxt _2rdacontent |
||
| 337 |
_2rdamedia _asin mediación _bn |
||
| 338 |
_2rdacarrier _avolumen _bnc |
||